| 000 | 00481nam a2200157 i 4500 | ||
|---|---|---|---|
| 001 | 27281 | ||
| 003 | ES-MaACL | ||
| 005 | 20230906153606.0 | ||
| 007 | t| | ||
| 008 | 200727s1886 sp ||||1| spa d | ||
| 110 | 0 |
_aUniversidad Literaria de Salamanca. _97390 |
|
| 245 | 1 | 0 | _aMemoria sobre el estado de la instrucción ... de 1885 a 1886. |
| 260 |
_aSalamanca : _b[s.n.], _c1886. |
||
| 610 | 2 | 4 |
_aUniversidad Literaria de Salamanca- _vMemorias. _9155720 |
| 852 |
_aES-MaACL _jT-447-F-2 |
||
| 999 |
_c27281 _d27281 |
||